Movies Quiz

Random Movies or Actress Quiz

Superhero Actor Sorting Gallery Quiz Stats

Quiz Updated Apr 28, 2016

Challenge
Share
Tweet
Embed
Score 0/55 Timer 10:00
0 Plays Today
% Correct
Chris Hemsworth
95.4%
Robert Downey, Jr.
95.3%
Scarlett Johansson
94.3%
Chris Evans
93.4%
Mark Ruffalo
90.7%
Chris Pratt
90.5%
Christian Bale
90.5%
Samuel L. Jackson
90.2%
Heath Ledger
88.4%
Tobey Maguire
88.1%
Jeremy Renner
87.6%
Ben Affleck
83.2%
Kirsten Dunst
83%
Henry Cavill
82.6%
Tom Hiddleston
82.4%
Zoe Saldana
81.7%
Michael Caine
80.3%
Amy Adams
79.5%
Gary Oldman
78.5%
James McAvoy
78.5%
Bradley Cooper
78.3%
Vin Diesel
77.6%
Morgan Freeman
77%
Maggie Gyllenhaal
75.6%
Jennifer Garner
74.9%
Michael Fassbender
74.4%
Seth Rogen
74.3%
Chloe Grace Moretz
72.6%
% Correct
Aaron Eckhart
72.3%
Dave Bautista
71.6%
Cobie Smulders
70.5%
Ron Perlman
69%
Benicio Del Toro
63%
John C. Reilly
62.5%
Diane Lane
62.2%
Kevin Costner
60.9%
Jay Chou
60.6%
January Jones
60.2%
J.K. Simmons
59.5%
Alfred Molina
59.4%
Stellan Skarsgard
58.3%
Kevin Bacon
57.8%
Aaron Taylor-Johnson
57.7%
Nicolas Cage
57.6%
Russell Crowe
56.7%
Colin Farrell
56.7%
Nicholas Hoult
55.7%
Rose Byrne
54.3%
Laurence Fishburne
53.4%
Michael Clarke Duncan
50.6%
Michael Shannon
49.4%
Michael Rooker
48.6%
Lee Pace
45.4%
Rosemary Harris
45%
Christopher Meloni
42.6%

You're not logged in!

Compare scores with friends on all Sporcle quizzes.
Join for Free
OR
Log In

You Might Also Like...

Show Comments

Extras

Top Quizzes Today


Score Distribution

Your Account Isn't Verified!

In order to create a playlist on Sporcle, you need to verify the email address you used during registration. Go to your Sporcle Settings to finish the process.

Report this User

Report this user for behavior that violates our Community Guidelines.

Details: